| 000 | 00793cam a2200217 4500 | ||
|---|---|---|---|
| 001 | WS108260 | ||
| 008 | 000000n 000 0 eng u | ||
| 035 | _a(Sirsi) u108260 | ||
| 110 |
_aBritish Urban Regeneration Association _91394 |
||
| 245 | _aBritish Urban Regeneration Association | ||
| 520 | _aWeb site for one of the leading organisations promoting best practice in urban regeneration. Site includes an index of research papers and links to their journal 'Regeneration'. | ||
| 650 | _aURBAN RENEWAL | ||
| 650 | _aBEST PRACTICE | ||
| 650 | _aURBAN TASK FORCE | ||
| 650 | _aURBAN REGENERATION | ||
| 650 | _aPLANNING | ||
| 650 | _aORGANISATION | ||
| 690 | _aREGENERATION | ||
| 856 | 4 | 0 |
_uhttps://www.bura.org.uk _zView the website free of charge at www.bura.org.uk... |
| 942 | _n0 | ||
| 999 |
_c119657 _d119657 |
||